| 000 | 01553cam a22004217a 4500 | ||
|---|---|---|---|
| 003 | CHAP | ||
| 005 | 20250613112301.0 | ||
| 008 | 980428d1987 mx a r o00110 spa d | ||
| 010 | _a75431 | ||
| 011 | _a76403 | ||
| 035 | _a85987 | ||
| 040 | _cCHAP | ||
| 090 | _aFolleto 15043 | ||
| 100 | 0 | 0 |
_aUriza Avila, Daniel Emigdio. _9116964 |
| 245 | 1 | 0 |
_aChile jalapeño y frijol intercalados en piña en la región bajo Papaloapan _c/por Daniel E. Uriza Avila, José D. Orona Moreno y Andrés Rebolledo Martínez |
| 260 |
_aIsla, Ver. : _bINIFAP. Campo Experimental Papaloapan, _c1987. |
||
| 300 |
_a16 p. : _bilus. |
||
| 410 | 1 | 0 | _aINIFAP. Campo Experimental Papaloapan |
| 490 | 0 |
_aFolleto para productores _v; 1 |
|
| 590 |
_aBATCH-UPD _b10 _c20130110 _lUCH01 _h0218 |
||
| 590 |
_aBATCH-UPD _b10 _c20130110 _lUCH01 _h0815 |
||
| 590 |
_aBATCH-UPD _b10 _c20130409 _lUCH01 _h2237 |
||
| 590 |
_aBATCH-UPD _b10 _c20130410 _lUCH01 _h1115 |
||
| 590 |
_aBATCH-UPD _b10 _c20130914 _lUCH01 _h0924 |
||
| 590 |
_aCONVERSION _b10 _c20130109 _lUCH01 _h1341 |
||
| 650 | 1 | 4 |
_aChile jalapeño. _922421 |
| 650 | 1 | 4 |
_aCultivos asociados. _930370 |
| 650 | 1 | 4 |
_aFrijol _xVeracruz. _943452 |
| 650 | 1 | 7 |
_aPiña (Ananas comosus) _xVeracruz _2 _988428 |
| 700 | 0 |
_aOrona Moreno, José D. _983635 |
|
| 700 | 0 |
_aRebolledo Martínez, Andrés. _994963 |
|
| 810 | 0 | 0 |
_aINIFAP. Campo Experimental Papaloapan _958679 |
| 830 | 0 |
_aFolleto para productores _v; 1 |
|
| 901 | _aBK | ||
| 905 | _aAlejandra Carrasco M. | ||
| 942 | _cFOLL | ||
| 949 |
_aFolleto 15043 _bBC _cFOLL _d859871 _eTS1 _i85987 _sb |
||
| 999 |
_c75431 _d75431 |
||